Recent advances in entomology V4. Ecology of insects (Record no. 41148)

MARC details
000 -LEADER
fixed length control field 00305nam a2200109Ia 4500
082 ## - DEWEY DECIMAL CLASSIFICATION NUMBER
Classification number 595.7
Item number SAX.4
100 ## - MAIN ENTRY--AUTHOR NAME
Personal name Saxena, A B
245 #0 - TITLE STATEMENT
Title Recent advances in entomology V4. Ecology of insects
260 ## - PUBLICATION, DISTRIBUTION, ETC. (IMPRINT)
Place of publication New Delhi
Name of publisher Anmol Publications
Year of publication 1995
942 ## - ADDED ENTRY ELEMENTS (KOHA)
Koha item type Books
Holdings
Withdrawn status Lost status Damaged status Not for loan Home library Current library Date acquired Full call number Accession Number Koha item type
        RRII Library RRII Library 16/12/2021 595.7 SAX.4 21440 Books